Datum a čas kvízu

24 Celkem bodů Celkový počet nahraných bodů na tomto kvízu bez doplňovacích otázek.
4. Pořadí na kvízu Konečné umístění týmu na tomto kvízu.

Zaznamenané odpovědi

# Otázka Odpověď Body Výsledky
1. Ve vládě premiéra Petra Fialy... Helena Langšádlová 0
2. Minulý týden soud osvobodil čt... v Belgii 0
3. Fanoušci seriálu Simpsonovi sm... Larry 1
4. Mobilní síť jednoho českého op... Vodafone 1
5. V pondělí padl unikátní rekord... USK 1
6. Sugo all'amatriciana patří mez... guanciale; pecorino 0.5
7. Napište zakrytou značku zobraz... Kikkoman 1
8. Když se řekne omáčka, určitě s... 15 0
9. Město Worcester dalo jméno jed... C; čertovo lejno 0.5
10. Jak se označuje tato omáčka (z... holandská omáčka; vejce Benedikt 0.5